000 01426nam a2200337 i 4500
005 20220317000356.0
007 ta
008 210824s20132020sp aa er s dspa d
020 _a9788420678573
040 _aCO-BoRNBP
_bspa
_erda
_cCO-BoRNBP
082 0 4 _a371.33
_bT21
_223
245 0 0 _aTecnologías y medios para la educación en la e-sociedad
_cJ. Ignacio Aguaded, Julio Cabero coordinadores
250 _aPrimera edición
_bcuarta reimpresión
264 1 _aMadrid
_bAlianza Editorial
_c2013
_c2020
300 _a323 páginas
_bilustraciones
_c24 cm
336 _atexto
_btxt
_2rdacontent
337 _asin mediación
_bn
_2rdamedia
338 _avolumen
_bnc
_2rdacarrier
500 _aIncluye glosario
500 _aSubtítulo de la cubierta: Web 2.0, computación en nube, e-learning 2.0, redes sociales, web semántica, dispositivos móviles, WebTV, multimedia, XML, RDF, OWL
504 _aIncluye bibliografía al final de cada capítulo
521 _aRecomendado para un público adulto
545 _aIncluye datos biográficos de los autores en la solapa
650 1 7 _aTecnología educativa
_2LEMB
650 1 7 _aEnseñanza con ayuda de computadores
_2LEMB
650 1 7 _aInnovaciones educativas
_2LEMB
650 1 7 _aTecnologías de la información y la comunicación
_2LEMB
700 1 _aAguaded Gómez, José Ignacio
_ecoordinador
_951889
700 1 _aCabero, Julio
_ecoordinador
_9184331
942 _2ddc
_cBK
999 _c3874
_d3874